[Event "Geneve op"]
[Site "Geneve"]
[Date "1997.??.??"]
[Round "3"]
[White "Ekstroem, Roland"]
[Black "Markowski, Tomasz"]
[Result "1/2-1/2"]
[WhiteElo "2465"]
[BlackElo "2510"]

1.e4 g6 2.d4 Bg7 3.Nc3 d6 4.Be3 c6 5.Qd2 b5 6.Bd3 Qa5 7.a4 b4 8.Nce2 Nd7
9.Nf3 Ngf6 10.Bh6 O-O 11.O-O e5 12.Ng3 c5 13.dxe5 Nxe5 14.Nxe5 dxe5 15.b3 Be6
16.Bxg7 Kxg7 17.Nf5+ Bxf5 18.exf5 e4 19.Bb5 Qc7 20.f3 Rad8 21.Qe3 Rd4 22.Bc4 Qe5
23.fxg6 hxg6 24.Rae1 Rh8 25.g3 Re8 26.c3 bxc3 27.Qxc3 e3 28.Re2 Nd5 29.Bxd5 Qxd5
30.Rfe1 Qxf3 31.Rxe3 Rxe3 32.Qxe3 Qxe3+ 33.Rxe3 c4 34.a5 cxb3 35.Rxb3 Rd5
36.Ra3 Rd2 37.h4 Kf6 38.Kf1 Ke6 39.Re3+ Kd6 40.Rf3 Ke6 41.Re3+ Kf6 42.Rf3+ Kg7
43.Rc3 Ra2 44.Rc5 Kh6 45.Rc7 Rxa5 46.Rxf7 Rf5+ 47.Rxf5 gxf5 48.Ke2 Kh5 49.Kd3 Kg4
50.Kc3 a6 51.Kb4  1/2-1/2

[Event "Oberliga Sued W9697"]
[Site "GER"]
[Date "1997.??.??"]
[Round "?"]
[White "Fritsche, Lutz"]
[Black "Eising, Johannes"]
[Result "1-0"]
[WhiteElo "2335"]
[BlackElo "2320"]

1.e4 g6 2.Nc3 Bg7 3.d4 d6 4.Be3 Nf6 5.Qd2 c6 6.Bh6 Bxh6 7.Qxh6 Qa5 8.Bd3 b5
9.b4 Qxb4 10.Ne2 Qa5 11.O-O b4 12.e5 dxe5 13.Ne4 Nbd7 14.Rfe1 Ba6 15.Bxa6 Qxa6
16.Nxf6+ exf6 17.Qg7 O-O-O 18.Qxf7 Rhe8 19.Ng3 f5 20.Rab1 Qa5 21.Qc4 Qb5
22.Qf7 Qd5 23.Qxh7 exd4 24.Qxg6 Rxe1+ 25.Rxe1 Rf8 26.h4 Kc7 27.Re7 f4 28.Ne4 f3
29.Qg7 Rd8 30.Nf6 Qf5 31.h5 d3 32.cxd3 a5 33.Nxd7 Rxd7 34.Rxd7+ Qxd7 35.Qxd7+ Kxd7
36.h6 a4 37.h7 b3 38.h8=Q  1-0

[Event "BL2-N9697"]
[Site "Germany"]
[Date "1997.??.??"]
[Round "?.2"]
[White "Meier, Volker"]
[Black "Polzin, Rainer"]
[Result "0-1"]
[WhiteElo "2285"]
[BlackElo "2415"]

1.e4 g6 2.d4 Bg7 3.Nc3 d6 4.Nf3 Nf6 5.h3 O-O 6.Be3 a6 7.a4 b6 8.Bc4 e6 9.d5 e5
10.g4 Bb7 11.g5 Nh5 12.Qd2 Nd7 13.O-O f5 14.gxf6 Qxf6 15.Ng5 Nf4 16.Bxf4 exf4
17.Nf3 Rae8 18.Kh2 Ne5 19.Qe2 Bc8 20.Rh1 Nxf3+ 21.Qxf3 Re5 22.Kg2 g5 23.Kf1 h5
24.Qd3 a5 25.Nb5 Re7 26.c3 Qg6 27.f3 g4 28.hxg4 hxg4 29.Re1 Be5 30.Nd4 Rh7
31.Rg1 g3 32.Ne6 Rff7 33.Re2 Rh3 34.Reg2 Qh5 35.Ke1 Rh2 36.Qf1 Rxg2 37.Qxg2 Rh7
38.Kf1 Bd7 39.Bb5 Bxb5+ 40.axb5 Qe8 41.Qe2 Kh8 42.Ke1 Rh2 43.Rg2 Qh5 44.Qf1 a4
45.Nd4 Bxd4 46.cxd4 Qh3  0-1

[Event "BL2-W9798"]
[Site "Germany"]
[Date "1997.??.??"]
[Round "?.2"]
[White "Hall, Jesper"]
[Black "Hausrath, Daniel"]
[Result "1/2-1/2"]
[WhiteElo "2460"]
[BlackElo "2415"]

1.d4 g6 2.e4 Bg7 3.Nc3 d6 4.Be3 a6 5.a4 b6 6.g3 Bb7 7.Bg2 Nf6 8.h3 O-O 9.Nge2 e5
10.d5 Qe7 11.Qd2 Rc8 12.O-O Nbd7 13.Kh2 c6 14.dxc6 Rxc6 15.g4 Rac8 16.g5 Ne8
17.Nd5 Qd8 18.c3 a5 19.b3 Nc7 20.Rab1 Nxd5 21.exd5 R6c7 22.c4 f5 23.gxf6 Bxf6
24.Nc3 Nc5 25.b4 axb4 26.Rxb4 Rf7 27.Ne4 Bh4 28.Rfb1 Nxe4 29.Bxe4 Ba6 30.Rxb6 Bxc4
31.Rb7 Qf8 32.Rxf7 Qxf7 33.Rc1 Ba6 34.Rc6 Bb7 35.Rxd6 Rf8 36.Rb6 Bc8 37.Bg2 e4
38.Bd4 Qxd5 39.Qc3 Bf5 40.Qc5 Qxc5 41.Bxc5 Rc8 42.Be3 Bd8 43.Rb1  1/2-1/2

[Event "BL2-W9798"]
[Site "Germany"]
[Date "1997.??.??"]
[Round "?.3"]
[White "Treppner, Gerd"]
[Black "Seul, Georg"]
[Result "1/2-1/2"]
[WhiteElo "2325"]
[BlackElo "2425"]

1.d4 d6 2.Nc3 g6 3.e4 Bg7 4.g3 Nf6 5.Bg2 O-O 6.Nge2 Nbd7 7.O-O e5 8.h3 c6
9.Be3 Qc7 10.a4 b6 11.Qd2 exd4 12.Nxd4 Bb7 13.Bh6 a6 14.Bxg7 Kxg7 15.Rad1 Rad8
16.Qg5 Kh8 17.Rfe1 b5 18.axb5 cxb5 19.Rd2 Rde8 20.Rde2 Re5 21.Qd2 Rfe8 22.Nf3 Rc5
23.Rd1 d5 24.exd5 Rxe2 25.Qxe2 b4  1/2-1/2

[Event "BL2-S9798"]
[Site "Germany"]
[Date "1997.??.??"]
[Round "?.2"]
[White "Speckner, Roland"]
[Black "Zuse, Klaus Peter"]
[Result "0-1"]
[WhiteElo "2335"]
[BlackElo "2345"]

1.e4 g6 2.d4 Bg7 3.Nc3 d6 4.Be3 Nd7 5.Qd2 a6 6.a4 b6 7.f4 Ngf6 8.Nf3 Bb7
9.Bc4 O-O 10.e5 Ng4 11.e6 Bxf3 12.gxf3 Nxe3 13.Qxe3 fxe6 14.Bxe6+ Kh8 15.Ne4 Bh6
16.Ng5 Qe8 17.h4 Nf6 18.f5 Nh5 19.fxg6 Qxg6 20.O-O-O Nf4 21.Bb3 Ng2 22.Qxe7 Nxh4
23.f4 Rxf4 24.Qxc7 Bxg5 25.Kb1 b5 26.Qb7 Rff8 27.Rdg1 bxa4 28.Bd5 Rab8 29.Qxa6 Qf5
30.Qxd6 a3 31.b3 Bf4 32.Qe6 Qxe6 33.Bxe6 Nf3 34.Rd1 Nd2+ 35.Ka2 Ne4 36.Rde1 Nf2
37.Rhg1 Bd2 38.Re2 Bc3 39.d5 Bb4 40.c4 Nd3 41.Rh2 Bd6 42.Rhg2 Ra8  0-1

[Event "BL2-S9697"]
[Site "Germany"]
[Date "1997.??.??"]
[Round "?.2"]
[White "Gerstner, Wolfgang"]
[Black "Frick, Christoph"]
[Result "0-1"]
[WhiteElo "2385"]
[BlackElo "2265"]

1.d4 g6 2.e4 Bg7 3.Nc3 d6 4.Be3 Nf6 5.f3 a6 6.Qd2 b5 7.g4 Bb7 8.g5 Nfd7 9.h4 Nb6
10.h5 Rg8 11.Nh3 Nc6 12.Nd1 Qd7 13.Nhf2 O-O-O 14.c3 Kb8 15.b3 f5 16.Nb2 b4
17.cxb4 f4 18.Bxf4 Nxd4 19.Be2 Rgf8 20.Be3 Nxf3+ 21.Bxf3 Rxf3 22.Bd4 Bxd4
23.Qxd4 Rdf8 24.Rh2 e5 25.Qd2 Bxe4 26.Nxe4 Rf1+ 27.Ke2 Qg4+ 28.Kd3 R8f3+  0-1

[Event "BL2-O9697"]
[Site "Germany"]
[Date "1997.??.??"]
[Round "?.6"]
[White "Wernert, Wilfrid"]
[Black "Liebert, Heinz"]
[Result "1/2-1/2"]
[WhiteElo "2315"]
[BlackElo "2365"]

1.e4 g6 2.d4 Bg7 3.Nc3 d6 4.f4 Nf6 5.Nf3 c5 6.Bb5+ Bd7 7.e5 Ng4 8.Bxd7+ Qxd7
9.d5 Na6 10.h3 Nh6 11.g4 O-O-O 12.Qe2 Nc7 13.Be3 e6 14.O-O-O exd5 15.Nxd5 Rhe8
16.Nxc7 Qxc7 17.Rd5 b6 18.Rhd1 dxe5 19.Qa6+ Kb8 20.Nxe5 Rxd5 21.Rxd5 Bxe5
22.fxe5 Rxe5 23.Qd3 Rxd5 24.Qxd5 Ng8 25.Qe4 Nf6 26.Qf3 Qe7 27.Bf4+ Kc8 28.Qc6+ Kd8
29.Qa8+ Kd7 30.Qxa7+ Ke8 31.Qb8+ Qd8 32.Qe5+ Qe7 33.c4 Qxe5 34.Bxe5 Ke7 35.Bc7 Nd7
36.Kd2 Ke6 37.Ke3 h6 38.Kf4 g5+ 39.Ke4 Nf6+ 40.Ke3 Nd7 41.Ke4 Nf6+ 42.Kf3 Nd7
43.b3 f5 44.gxf5+ Kxf5 45.a4 h5 46.a5  1/2-1/2

[Event "BL2-N9697"]
[Site "Germany"]
[Date "1997.??.??"]
[Round "?.2"]
[White "Von Herman, Ulf"]
[Black "Polzin, Rainer"]
[Result "0-1"]
[WhiteElo "2410"]
[BlackElo "2415"]

1.e4 g6 2.d4 Bg7 3.Nc3 d6 4.f4 a6 5.Nf3 Nd7 6.Bd3 c5 7.d5 b5 8.a4 Qa5 9.O-O b4
10.Nb1 c4 11.Be2 Qc5+ 12.Kh1 a5 13.Ng5 Ngf6 14.Bf3 h6 15.Nh3 Nb6 16.Re1 Bxh3
17.gxh3 O-O 18.Be3 Qc7 19.c3 Nfd7 20.Rg1 Rae8 21.Qc2 e6 22.dxe6 Rxe6 23.Bd4 b3
24.Qg2 d5 25.e5 Nc5 26.f5 Rxe5 27.Bxe5 Qxe5 28.fxg6 fxg6 29.Na3 Nd3 30.Raf1 g5
31.Nb5 Nf4 32.Qg3 Qf5 33.h4 Nh3 34.Rg2 Qd3 35.Bxd5+ Nxd5 36.Rxf8+ Bxf8 37.Qxd3 cxd3
38.hxg5 hxg5 39.Nd4 Ne3 40.Rd2 Nc4 41.Rg2 Ne3 42.Rd2 Nc4 43.Rg2 d2  0-1

[Event "BL2-N9697"]
[Site "Germany"]
[Date "1997.??.??"]
[Round "?.5"]
[White "Sieg, Ulrich"]
[Black "Syre, Christian"]
[Result "0-1"]
[WhiteElo "2320"]
[BlackElo "2285"]

1.e4 g6 2.d4 Bg7 3.Nc3 d6 4.Nf3 Nf6 5.Be2 O-O 6.O-O c6 7.h3 b5 8.e5 Ne8 9.Bf4 f6
10.exd6 exd6 11.Qd2 d5 12.Rfe1 Nd7 13.Bd3 Nb6 14.Re2 a5 15.Rae1 Ra7 16.b3 Nd6
17.Nd1 Ndc4 18.Qc1 Nd6 19.c3 Nf7 20.Qc2 Bd7 21.Ne3 Nc8 22.c4 bxc4 23.bxc4 dxc4
24.Nxc4 Re8 25.Qb3 Rxe2 26.Rxe2 Ne7 27.Nd6 Nd5 28.Bg3 a4 29.Qc4 Bf8 30.Nxf7 Kxf7
31.Be4 Be8 32.h4 Kg7 33.h5 a3 34.hxg6 hxg6 35.Nh4 Qd7 36.Qd3 Ne7 37.Re3 Bf7
38.Rf3 Ra4 39.Be5 fxe5 40.Rxf7+ Kxf7 41.Qb3+ Kg7 42.Qxa4 Qg4 43.dxe5 Qxh4
44.Bxc6 Qg5 45.Ba8 Nf5 46.Qc4 Qd2 47.Qc7+ Kh6 48.g4 Qd1+  0-1

[Event "Oberliga Nord N9697"]
[Site "Germany"]
[Date "1997.??.??"]
[Round "?"]
[White "Von Buelow, Georg"]
[Black "Guzman, Enrique"]
[Result "1-0"]
[WhiteElo "2280"]
[BlackElo "2240"]

1.e4 g6 2.d4 Bg7 3.Nc3 d6 4.Be3 Nd7 5.Qd2 c6 6.f3 Qa5 7.h4 a6 8.h5 b5 9.g4 Bb7
10.Nh3 O-O-O 11.a3 Ngf6 12.h6 Bf8 13.Ng5 Re8 14.Nxf7 Rg8 15.O-O-O Qc7 16.Bh3 e6
17.g5 Nb6 18.gxf6 Nc4 19.Qf2 Qxf7 20.Bg5 Kb8 21.Rhe1 d5 22.exd5 cxd5 23.Qe2 e5
24.dxe5 Rxe5 25.Qh2 Bd6 26.Bf4 Qxf6 27.Bxe5 Nxe5 28.Qe2 Nxf3 29.Qe6 Qg5+
30.Kb1 Rd8 31.Rf1 d4 32.Ne4 Bxe4 33.Qxe4 Nd2+ 34.Rxd2 Qxd2 35.Bg2  1-0

[Event "Oberliga Nord N9697"]
[Site "Germany"]
[Date "1997.??.??"]
[Round "?"]
[White "Christ, Ralf"]
[Black "Engelbert, Christoph"]
[Result "1-0"]
[WhiteElo "2250"]
[BlackElo "2265"]

1.e4 g6 2.d4 Bg7 3.Nc3 d6 4.Be3 a6 5.Qd2 b5 6.a4 b4 7.Nd1 a5 8.c3 bxc3 9.bxc3 Nf6
10.f3 Nbd7 11.Bd3 Ba6 12.Ne2 Bxd3 13.Qxd3 O-O 14.Nb2 c5 15.O-O Qc7 16.d5 Rfb8
17.Nc4 Nb6 18.Nxb6 Rxb6 19.Rab1 Rab8 20.Rb5 Rxb5 21.axb5 Nd7 22.c4 Nb6 23.Bd2 Ra8
24.Nc3 a4 25.Nb1 Qa7 26.Na3 h5 27.f4 Qd7 28.h3 e6 29.f5 Bb2 30.dxe6 fxe6
31.fxg6 Qg7 32.Nc2 a3 33.Qxd6 Bd4+ 34.Kh1 Rf8 35.Rxf8+ Qxf8 36.Qxe6+ Kh8
37.Nxd4 cxd4 38.Qe5+ Qg7 39.Qe8+ Qg8 40.Qe5+ Qg7 41.Qb8+ Qg8 42.Qxb6 Qxc4
43.Qf6+ Kg8 44.Bh6  1-0

[Event "Landesliga Nord 9697 Bayern"]
[Site "Germany"]
[Date "1997.??.??"]
[Round "?"]
[White "Halbritter, Josef"]
[Black "Doering, Karl Philipp"]
[Result "1/2-1/2"]
[WhiteElo "2020"]
[BlackElo "2060"]

1.e4 g6 2.d4 Bg7 3.Nc3 d6 4.Be3 e6 5.Qd2 Nd7 6.O-O-O a6 7.Kb1 b5 8.g4 Bb7
9.f3 h5 10.gxh5 Rxh5 11.Nce2 Ne7 12.Ng3 Rh8 13.Nh3 d5 14.Nf4 c5 15.dxc5 Qc7
16.exd5 Nxd5 17.Nxd5 Bxd5 18.Ne4 O-O-O 19.Nd6+ Kb8 20.Nxf7 Nxc5 21.Nxd8 Rxd8
22.b3 Rd7 23.Bxc5 Qxc5 24.Bh3 Bc3 25.Qc1 Be5 26.Rd3 Bxf3 27.Qe3 Qxe3 28.Rxe3 Bxh1
29.Rxe5 Rd1+ 30.Kb2 Bd5 31.Bxe6 Bb7 32.Bf7 Rh1 33.Re2 g5 34.Be6 Kc7 35.h3 Bc8
36.Bxc8 Kxc8 37.Re3 Kc7 38.Kc3 Rh2 39.a4 bxa4 40.bxa4 Kb6 41.Kb3 Rg2 42.c3 g4
43.hxg4 Rxg4 44.Re6+ Ka5 45.Rd6 Rg1 46.Kc4 Rg4+ 47.Rd4 Rg8 48.Kb3 Rb8+ 49.Rb4 Rh8
50.Kc4 Rh4+  1/2-1/2

[Event "Landesliga Nord 9697 Bayern"]
[Site "Germany"]
[Date "1997.??.??"]
[Round "?"]
[White "Graef, Harald"]
[Black "Straschewski, Joerg"]
[Result "1-0"]
[WhiteElo "2095"]
[BlackElo "2005"]

1.d4 g6 2.e4 Bg7 3.Nc3 d6 4.f4 c6 5.Nf3 Bg4 6.Be3 Qb6 7.Qd2 Bxf3 8.gxf3 Nd7
9.O-O-O Qa5 10.Kb1 Ngf6 11.e5 Nd5 12.Nxd5 Qxd5 13.Be2 b5 14.h4 Nb6 15.b3 h5
16.Bd3 dxe5 17.Be4 Qe6 18.dxe5 O-O 19.Bxb6 axb6 20.Qd7 Rac8 21.Qxe6 fxe6
22.Bxg6 Rxf4 23.Bxh5 Rf5 24.Bg4 Rxe5 25.Rhe1 Rxe1 26.Rxe1 Rd8 27.Bxe6+ Kf8
28.h5 Rd6 29.Bf5 b4 30.Bd3 c5 31.Rg1 Rf6 32.Rf1 Rf4 33.Rh1 Rf6 34.f4 Rxf4
35.h6 Bh8  1-0

[Event "Landesliga Sued 9697 Bayern"]
[Site "Germany"]
[Date "1997.??.??"]
[Round "?"]
[White "Rohrmueller, Ulrich"]
[Black "Gerer, Josef"]
[Result "0-1"]
[WhiteElo "2185"]
[BlackElo "2195"]

1.e4 g6 2.d4 d6 3.Nc3 Bg7 4.Nf3 a6 5.Bc4 b5 6.Bb3 Bb7 7.Qe2 e6 8.Bg5 Ne7
9.h4 h6 10.Bf4 Nd7 11.a4 b4 12.Na2 e5 13.dxe5 dxe5 14.Bg3 c5 15.Rd1 Nc6 16.O-O Qe7
17.c3 O-O 18.Nd2 Na5 19.Nc1 Nb6 20.Nc4 Naxc4 21.Bxc4 Nxa4 22.cxb4 cxb4 23.Bd5 Rfd8
24.Bxb7 Qxb7 25.Nb3 Qb6 26.Ra1 Qe6 27.Na5 Nc5 28.Rfc1 Bf8 29.Rc4 Rd4 30.Rac1 Rxc4
31.Rxc4 Qb6 32.Rxc5 Qxc5 33.Nc4 Re8 34.Ne3 a5 35.Nd5 Bg7 36.h5 a4 37.Qa6 gxh5
38.Qxa4 Rb8 39.Qd1 Qd4 40.Qxh5 Qxe4 41.Ne7+ Kf8 42.Nf5 Ra8 43.f3 Qc4 44.Bh4 Ra6
45.b3 Qxb3 46.Qg4 Rg6 47.Qe4 Kg8 48.Ne7+ Kh7 49.Qa8 f5 50.Nxg6 Kxg6 51.Qe8+ Qf7
52.Qb8 b3 53.Qb6+ Kh7  0-1

[Event "Landesliga Sued 9697 Bayern"]
[Site "Germany"]
[Date "1997.??.??"]
[Round "?"]
[White "Reisinger, Markus"]
[Black "Spranger, Michael"]
[Result "0-1"]
[WhiteElo "1935"]
[BlackElo "1765"]

1.e4 d6 2.d4 g6 3.Nc3 Bg7 4.f4 Nf6 5.Nf3 O-O 6.Bd3 Nbd7 7.e5 Ne8 8.O-O c5
9.exd6 Nxd6 10.Be3 c4 11.Be2 b5 12.Ne5 Bb7 13.Bf3 Qc7 14.Nd5 Bxd5 15.Bxd5 Rac8
16.c3 e6 17.Nxd7 Qxd7 18.Bf3 Nf5 19.Bf2 h5 20.d5 Rfd8 21.dxe6 Qxe6 22.Qc1 a5
23.Re1 Qf6 24.a3 b4 25.axb4 axb4 26.Bb7 bxc3 27.bxc3 Rb8 28.Ba6 Rd3 29.Ra3 Bf8
30.Ra2 Rxc3 31.Qa1 Bg7 32.Re5 Rcb3 33.Qf1 Rb1 34.Re1 Rxe1 35.Bxe1 c3 36.Rc2 Ne3
37.Bxc3 Qb6  0-1

[Event "Landesliga Sued 9697 Bayern"]
[Site "Germany"]
[Date "1997.??.??"]
[Round "?"]
[White "Fauth, Dietmar"]
[Black "Terzic, Safet"]
[Result "0-1"]
[WhiteElo "2170"]
[BlackElo "2320"]

1.e4 g6 2.d4 Bg7 3.Nc3 d6 4.Be3 c6 5.a4 Qa5 6.Bc4 Nf6 7.f3 d5 8.exd5 cxd5
9.Bb5+ Nc6 10.Ne2 O-O 11.O-O a6 12.Bxc6 bxc6 13.Qd2 Re8 14.Rfe1 Nd7 15.Nc1 e5
16.Nb3 Qc7 17.a5 Rb8 18.Bh6 Bh8 19.dxe5 Rxe5 20.Rxe5 Bxe5 21.Re1 Bb7 22.f4 Bf6
23.f5 Rd8 24.Bf4 Qc8 25.fxg6 hxg6 26.Bd6 Re8 27.Nc5 Nxc5 28.Bxc5 Rxe1+ 29.Qxe1 Qe6
30.Qxe6 fxe6 31.Na4 e5 32.Bd6 e4 33.c3 Bc8 34.Nc5 Bd8 35.Kf2 Bxa5 36.Ke3 Kf7
37.c4 Be1 38.cxd5 cxd5 39.Kd4 Be6 40.Ke3 a5 41.Nb3 Bd7 42.Nd4 a4 43.Bc7 Bh4
44.Kf4 Bf6 45.Bb6 Ke7 46.Bc5+ Kd8 47.g3 g5+ 48.Ke3 Ke8 49.Bb4 Kf7 50.Be1 Kg6
51.Bc3 Kh5 52.h4 Kg4 53.Ne2 Bd8 54.hxg5 Bxg5+ 55.Kd4 Bb5 56.Kxd5 Bxe2 57.Kxe4 Kxg3
58.Be5+ Kf2 59.Kd4 Bd2 60.Bf6 Ke1  0-1

[Event "Landesliga Sued 9697 Bayern"]
[Site "Germany"]
[Date "1997.??.??"]
[Round "?"]
[White "Epding, Olaf"]
[Black "Gerer, Josef"]
[Result "1/2-1/2"]
[WhiteElo "2115"]
[BlackElo "2195"]

1.e4 g6 2.d4 d6 3.Nc3 Bg7 4.Be3 a6 5.a4 b6 6.Nf3 Bb7 7.Bd3 Nd7 8.h3 e5 9.O-O exd4
10.Nxd4 Ngf6 11.Qd2 Nc5 12.Bh6 O-O 13.Bxg7 Kxg7 14.Rfe1 Re8 15.f3 Nh5 16.Bf1 Qf6
17.Nde2 Kg8 18.Rad1 Re7 19.b3 Rae8 20.Na2 Qh4 21.Nac3 Nd7 22.g4 Ng3 23.Nxg3 Qxg3+
24.Bg2 f5 25.Ne2 Qe5 26.exf5 Qc5+ 27.Kf1 gxf5 28.Ng3 Rxe1+ 29.Rxe1 Rxe1+
30.Qxe1 Ne5 31.Qd2 fxg4 32.hxg4 Ng6 33.Nf5 Qe5 34.Qg5 Qe8 35.Qf6 Qf8 36.Qe6+ Kh8
37.Qd7 Bc8 38.Qxc7 Bxf5 39.gxf5 Qxf5 40.Qxd6 Qxc2 41.Qf6+ Kg8 42.Bh3 Qc1+
43.Kf2 Qd2+ 44.Kf1 Qc1+  1/2-1/2

[Event "BL2-W9697"]
[Site "Germany"]
[Date "1997.??.??"]
[Round "?.7"]
[White "Michalczak, Thomas"]
[Black "Schaefer, Juergen"]
[Result "1-0"]
[WhiteElo "2250"]
[BlackElo "2110"]

1.e4 d6 2.d4 g6 3.Nc3 Bg7 4.Be3 c6 5.Qd2 e5 6.Nge2 Nd7 7.f3 Bh6 8.O-O-O Bxe3
9.Qxe3 Qh4 10.g3 Qh6 11.f4 Ngf6 12.d5 cxd5 13.Nxd5 Nxd5 14.Rxd5 Nb6 15.Rxd6 O-O
16.Nc3 Be6 17.Be2 Rac8 18.h4 Bc4 19.b3 Be6 20.Nb5 exf4 21.gxf4 Qg7 22.Kb1 a6
23.Rxb6 axb5 24.f5 Rc3 25.Bd3 Bxb3 26.f6  1-0

[Event "BL2-W9697"]
[Site "Germany"]
[Date "1997.??.??"]
[Round "?.3"]
[White "Winants, Luc"]
[Black "Seul, Georg"]
[Result "1-0"]
[WhiteElo "2495"]
[BlackElo "2445"]

1.e4 d6 2.d4 g6 3.Nc3 Bg7 4.Bg5 c6 5.Qd2 b5 6.a3 Qc7 7.f4 Nd7 8.Nf3 Nb6 9.h3 Nf6
10.Bd3 O-O 11.O-O a6 12.e5 Nfd5 13.Nxd5 Nxd5 14.f5 Bxf5 15.Bxf5 gxf5 16.Bh6 f6
17.e6 Bxh6 18.Qxh6 Kh8 19.Nh4 Rg8 20.Rxf5 Rg7 21.Rh5 Qd8 22.Nf5 Qg8 23.Nxg7 Qxg7
24.Qxg7+ Kxg7 25.Rf5 Rc8 26.Kf2 Kg6 27.g4 h5 28.Kf3 hxg4+ 29.hxg4 Nc7 30.Re1 Ne8
31.Rh5 Ng7 32.Rh2 d5 33.Kg3 Rd8 34.Re3 Rd6 35.Rhe2 Rd8 36.b3 Rd6 37.Kf4 Rd8
38.a4 Rd6 39.Kf3 Rd8 40.Kg2 Rd6 41.Kg3 Rd8 42.c3 bxa4 43.bxa4 Rb8 44.Rh2 a5
45.Kf4 Rb1 46.Rh8 Rf1+ 47.Kg3 Ra1 48.Rc8 f5 49.Re2 fxg4 50.Kxg4 Rc1 51.Rxc6 Nf5
52.Rc5 Rg1+ 53.Kf3 Rg3+ 54.Kf2 Rd3 55.Ke1 Kg7 56.Rxd5  1-0

[Event "BL2-W9697"]
[Site "Germany"]
[Date "1997.??.??"]
[Round "?.3"]
[White "Gawehns, Klaus"]
[Black "Luecke, Norbert"]
[Result "1/2-1/2"]
[WhiteElo "2395"]
[BlackElo "2380"]

1.d4 g6 2.e4 Bg7 3.Nc3 d6 4.g3 Nd7 5.Bg2 e6 6.Nge2 Ne7 7.Be3 h6 8.Qd2 a6
9.O-O-O b5 10.d5 e5 11.f4 Nb6 12.b3 Bg4 13.h3 Bd7 14.fxe5 Bxe5 15.Nf4 b4
16.Nce2 a5 17.Nd3 Bg7 18.Bd4  1/2-1/2

[Event "Oberliga Ost A9798"]
[Site "Germany"]
[Date "1997.??.??"]
[Round "?.1"]
[White "Mehlhorn, Uwe"]
[Black "Matthey, Harald"]
[Result "1/2-1/2"]
[WhiteElo "2175"]
[BlackElo "2305"]

1.d4 g6 2.e4 Bg7 3.Nc3 d6 4.Nf3 a6 5.a4 e6 6.Be2 Ne7 7.O-O Nd7 8.Be3 O-O
9.Qd2 b6 10.Bh6 Bb7 11.Bxg7 Kxg7 12.Rad1 d5 13.exd5 Nxd5 14.Nxd5 exd5 15.Rfe1 Qf6
16.Bf1 Rfe8 17.a5 c5 18.axb6 c4 19.Re3 Qxb6 20.Rde1 Nf6 21.Rxe8 Rxe8 22.Rxe8 Nxe8
23.Qe3 Nd6 24.Qe5+ f6 25.Qe7+ Nf7 26.Qa3 Nd6 27.b3 Kf7 28.Qc1 a5 29.h4 Nf5
30.Qd2 Ba6 31.Qc3 Qb4 32.Qa1 Bb5 33.c3 Qxb3 34.Qxa5 Ne7 35.g4 Qd1 36.Nh2 Bd7
37.g5 fxg5 38.Qc7 Bh3 39.hxg5 Qc1 40.Qg3 Bf5 41.Nf3 Be4 42.Ne5+ Ke6 43.Nxc4 Nf5
44.Qe5+ Kd7 45.Nd2 Qxd2 46.Bb5+ Kc8 47.Qe8+ Kc7 48.Qc6+ Kb8 49.Qb6+ Kc8 50.Qc6+  1/2-1/2

[Event "Oberliga Ost A9798"]
[Site "Germany"]
[Date "1997.??.??"]
[Round "?.2"]
[White "Birke, Andreas"]
[Black "Poenisch, Egmont"]
[Result "1-0"]
[WhiteElo "2215"]
[BlackElo "2175"]

1.e4 d6 2.d4 g6 3.Nc3 Bg7 4.Be3 Nd7 5.Qd2 e5 6.O-O-O Ne7 7.Bh6 O-O 8.h4 exd4
9.Bxg7 Kxg7 10.Qxd4+ f6 11.f4 Nc5 12.Be2 a6 13.h5 Be6 14.Nf3 Nc6 15.Qe3 Rh8
16.f5 Bf7 17.fxg6 hxg6 18.hxg6 Bxg6 19.Nh4 Ne5 20.Qg3 Ncd7 21.Nd5 Kf7 22.Nxg6 Nxg6
23.Bh5 Ne5 24.Rdf1 Kg7 25.Nf4 Qe8 26.Bxg6  1-0

[Event "Oberliga Nord W9798"]
[Site "Germany"]
[Date "1997.??.??"]
[Round "?"]
[White "Sawatzki, Frank"]
[Black "Haskamp, Stephan"]
[Result "0-1"]
[WhiteElo "2280"]
[BlackElo "2255"]

1.e4 g6 2.d4 d6 3.Nc3 Bg7 4.f4 c6 5.Nf3 Bg4 6.Be3 Qb6 7.Qd2 Bxf3 8.gxf3 Nd7
9.Bc4 Qa5 10.O-O-O b5 11.Bb3 Nb6 12.Qd3 Nf6 13.f5 b4 14.Ne2 Qb5 15.c4 bxc3
16.Nxc3 Qxd3 17.Rxd3 gxf5 18.Rg1 fxe4 19.fxe4 Rg8 20.Rdd1 e6 21.Rdf1 Bh8
22.e5 Rxg1 23.Rxg1 Nfd5 24.Nxd5 cxd5 25.Rg8+ Kd7 26.Ba4+ Kc7 27.Be8 Nc4 28.Bf2 dxe5
29.Rxh8 exd4 30.Bxd4 e5 31.Bc5 Nd6 32.Bxd6+ Kxd6 33.Rg8 Rc8+ 34.Kd2 f5 35.Bf7 Rc7
36.Bh5 e4 37.Ke3 Rc2 38.Rb8 Rxh2 39.Bf7 Rh3+ 40.Kf2 d4 41.Kg2 Rd3 42.Bg8 Ke5
43.Bxh7 Kf4 44.Rb5 Rg3+ 45.Kf1 Rg5 46.Rd5 d3 47.b4 Ke3 48.Ra5 d2 49.Ra3+ Kf4  0-1

[Event "Oberliga Ost B9798"]
[Site "Germany"]
[Date "1997.??.??"]
[Round "?.8"]
[White "Haensel, Thomas"]
[Black "Buchal, Stephan"]
[Result "0-1"]
[WhiteElo "2090"]
[BlackElo "2280"]

1.e4 g6 2.d4 Bg7 3.Nc3 d6 4.Be3 a6 5.a4 Nc6 6.Nf3 Bg4 7.Bc4 e6 8.Be2 d5 9.e5 Nge7
10.h3 Bxf3 11.Bxf3 Nf5 12.O-O f6 13.exf6 Qxf6 14.Re1 O-O 15.Ne2 Nh4 16.Nf4 Nxf3+
17.Qxf3 g5 18.Nd3 Qxf3 19.gxf3 Nxd4 20.Bxd4 Bxd4 21.Rxe6 Rxf3 22.Rd1 Raf8
23.Rd2 c6 24.Kg2 R3f6 25.Re7 R8f7 26.Rde2 Rxe7 27.Rxe7 Rf7 28.Re8+ Rf8 29.Re7 Rf7
30.Re8+ Kg7 31.c3 Bf6 32.Nc5 Kg6 33.Rb8 d4 34.c4 Kf5 35.Kf3 h5 36.Rxb7 Rxb7
37.Nxb7 d3 38.Nd6+ Kg6 39.Ke3 Bxb2 40.Kxd3 Be5 41.Nc8 g4 42.hxg4 h4 43.Ke4 h3
44.Kf3 c5 45.Ne7+ Kg5 46.Nd5 h2 47.Kg2 Kxg4 48.f3+ Kf5 49.Ne3+ Kf4 50.Nd5+ Kf5
51.Ne3+ Kf4 52.Nd5+ Kg5 53.Ne7 Bd6 54.Nc8 Bc7 55.Ne7 Bd6 56.Nc8 Bf4 57.Ne7 Kf6
58.Nd5+ Kf5 59.Ne7+ Ke6 60.Nd5 Bd6 61.Nc3 Ke5 62.Ne2 Kf5 63.Kh1 Ke6 64.Kg2 Kd7
65.Nc3 Be5 66.Nd5 Ke6 67.Kh1 Kf5 68.Ne7+ Kg5 69.Kg2 Bb8 70.Nd5 Kf5 71.Nb6 Kf4
72.Nd5+ Ke5 73.Ne7 Bd6 74.Nc8 Bc7  0-1

[Event "Oberliga Ost B9798"]
[Site "Germany"]
[Date "1997.??.??"]
[Round "?.3"]
[White "Balzar, Andreas"]
[Black "Nedela, Vlastimil"]
[Result "1-0"]
[WhiteElo "2315"]
[BlackElo "2340"]

1.e4 g6 2.d4 Bg7 3.Nc3 d6 4.h4 Nf6 5.Be2 c5 6.dxc5 Qa5 7.Qd3 Qxc5 8.Be3 Qc6
9.h5 Nbd7 10.h6 Bf8 11.f3 a6 12.Nh3 e6 13.Nf2 b5 14.a3 Bb7 15.g4 Nc5 16.Qd4 e5
17.Qd2 d5 18.g5 dxe4 19.Nfxe4 Nfxe4 20.Nxe4 Nxe4 21.fxe4 Rd8 22.Bd3 Be7 23.O-O-O Qe6
24.Qh2 O-O 25.Kb1 b4 26.axb4 Bxb4 27.Rhf1 Rc8 28.Qe2 Be7 29.Bc1 a5 30.b3 a4
31.Bc4 Qb6 32.Bb2 axb3 33.Bxb3 Bxg5 34.Rd7 Rc7 35.Qd3 Ba6 36.Bxf7+ Rxf7 37.Rd8+  1-0

[Event "Oberliga Ost B9798"]
[Site "Germany"]
[Date "1997.??.??"]
[Round "?.1"]
[White "Hess, Ralf"]
[Black "Hickl, Joerg"]
[Result "0-1"]
[WhiteElo "2360"]
[BlackElo "2565"]

1.d4 d6 2.e4 g6 3.Nc3 Bg7 4.Be3 a6 5.h3 b5 6.a4 b4 7.Nd5 Bb7 8.Bd3 a5 9.Nf3 Nd7
10.c3 e6 11.Nf4 Ngf6 12.cxb4 axb4 13.Nd2 O-O 14.O-O c5 15.dxc5 Nxc5 16.Bxc5 dxc5
17.Qc2 Bh6 18.g3 Bxf4 19.gxf4 Nh5 20.Rfe1 Nxf4 21.Bf1 Rc8 22.Re3 Qh4 23.Nc4 Rfd8
24.Rd1 Rd4 25.Nd6 Rxd1 26.Qxd1 Rd8 27.e5 h5 28.Qc2 Bd5 29.Qxc5 Qg5+ 30.Kh2 Ng2
31.Nxf7  0-1

[Event "BL2-O9798"]
[Site "Germany"]
[Date "1997.??.??"]
[Round "2.6"]
[White "Held, Markus"]
[Black "Sandner, Gunter"]
[Result "1-0"]
[WhiteElo "2315"]
[BlackElo "2315"]

1.e4 g6 2.d4 Bg7 3.Nc3 d6 4.Nf3 a6 5.a4 b6 6.Bc4 e6 7.O-O Bb7 8.Re1 Ne7 9.Bf4 O-O
10.Qd2 Nbc6 11.Bh6 Na5 12.Bf1 d5 13.Bxg7 Kxg7 14.Rad1 Rc8 15.exd5 Nxd5 16.Nxd5 Qxd5
17.Ne5 h5 18.c4 Qd6 19.b4 Nc6 20.c5 Qd8 21.Bxa6 Bxa6 22.Nxc6 Qh4 23.Ne5 Rcd8
24.b5 Bc8 25.c6 Rd5 26.g3 Qe7 27.h4 Rfd8 28.Qb2 g5 29.hxg5 Qxg5 30.Re4 f5
31.Nf3 Qf6 32.Rh4 e5 33.Rxh5 e4 34.Nh4 Rxd4 35.Rxd4 Rxd4 36.Qc1 Be6 37.Qf4 e3
38.Qxc7+ Kf8 39.fxe3 Rd2 40.Rh8+ Bg8 41.Qc8+  1-0

[Event "NRW-Liga 9798"]
[Site "Germany"]
[Date "1997.??.??"]
[Round "3.2"]
[White "Seegers, Hendrik"]
[Black "Reinartz, Georg"]
[Result "1/2-1/2"]
[WhiteElo "2260"]
[BlackElo "2260"]

1.d4 g6 2.e4 Bg7 3.Nc3 d6 4.Be3 Nd7 5.Bc4 e6 6.Qd2 h6 7.Nge2 a6 8.a4 b6 9.Nf4 Nf8
10.O-O Ne7 11.Rad1 Nh7 12.Nd3 Nf6 13.e5 Ng4 14.d5 O-O 15.dxe6 fxe6 16.exd6 cxd6
17.Nf4 d5 18.Ncxd5 exd5 19.Nxd5 Kh8 20.Bxb6 Qe8 21.h3 Ne5 22.Bd4 Nf5 23.Nc7 Nxd4
24.Nxe8 Nef3+ 25.gxf3 Nxf3+ 26.Kg2 Nxd2 27.Bd5 Rxe8 28.Rfe1 Rxe1 29.Rxe1 Bxh3+
30.Kxh3 Rd8 31.c4 a5 32.Re6 g5 33.Rb6 Kh7 34.b4 axb4 35.Rxb4 h5 36.a5 Bd4
37.Rb7+ Kh6 38.Kg2 Rd6 39.Bg8 g4 40.Rh7+ Kg6 41.Re7 Rf6 42.Re2 Nb3 43.Ra2 Ra6
44.c5 Nxc5 45.Bc4 Ra7 46.a6 Kf6 47.f3 Be5 48.fxg4 hxg4 49.Be2 g3 50.Ra5 Bd6
51.Bc4 Ke5 52.Ra1 Kd4 53.Bb5 Bc7 54.Rc1 Bb8 55.Ra1 Kc3 56.Be2 Nb3 57.Ra4 Rh7
58.a7 Bxa7 59.Kxg3 Nd4 60.Ba6 Bb8+ 61.Kf2 Rf7+ 62.Kg2 Rg7+ 63.Kf2 Bg3+ 64.Kf1 Rg4
65.Bc8 Rf4+ 66.Kg2 Be1 67.Ra3+ Kb4 68.Re3 Bh4 69.Bb7 Bf2 70.Re4 Rf6 71.Rg4 Kc3
72.Be4 Kd2 73.Bd5 Nf5 74.Kxf2 Ne3+ 75.Kg3 Nxg4 76.Kxg4 Ke3 77.Kg5 Rf2 78.Be6 Ke4
79.Bd7 Rf4 80.Bc6+ Ke5 81.Bb5 Rb4 82.Bc6 Rb6 83.Ba4 Rb1 84.Kg6 Rb4 85.Bd1 Rb6+
86.Kf7 Rc6 87.Be2 Rc7+ 88.Kg6 Rc2 89.Bb5 Rc3 90.Be2 Rc6+ 91.Kf7 Rf6+ 92.Ke7 Re6+
93.Kf7 Kd5  1/2-1/2